| 000 | 01472njm a22003017a 4500 | ||
|---|---|---|---|
| 005 | 20100910121217.0 | ||
| 007 | sd ammalaaahaa | ||
| 008 | 100904t xxu||||| |||| 00| 0 hin d | ||
| 028 |
_aN. 54910 _bHis Master's Voice |
||
| 028 |
_aOJE. 23669 _bHis Master's Voice |
||
| 028 |
_aOJE. 23670 _bHis Master's Voice |
||
| 035 | _aGR-01718 | ||
| 040 | _aSED/VEN | ||
| 100 |
_aMangeshkar, Lata _91184 |
||
| 245 |
_aShaheed; Part-1: _bHindustani / _cby Lata Mangeshkar & Chorus; Music and Lyric by Prem Dhawan _h[Sound Recording] : |
||
| 246 | _aशहीद (लता मंगेशकर & चोरुस) | ||
| 260 |
_aDum Dum, India : _bHis Master's Voice |
||
| 300 |
_a1 sound disc [Gramophone Recording] : _banalog, 33 1/3 rpm ; _c10 in. _fGramophone Records |
||
| 500 | _aBrief Records | ||
| 505 | _aSong Side-1; जोगी हम तो लुट गए तेरे प्यार में (शहीद) (लता मंगेशकर & चोरुस) , Song Side-2;,मेरा रंग दे बसंती चोला (मुकेश महेंद्र कपूर & राजेंद्र मेहता) Part 2 | ||
| 650 |
_aClassical Music _xExcerpts _zIndia _918309 |
||
| 700 |
_918319 _aChorus |
||
| 700 |
_918320 _aMukesh |
||
| 700 |
_aKapoor, Mahendra _919412 |
||
| 700 |
_aMehta, Rajendra _919413 |
||
| 942 |
_2ddc _cGR |
||
| 999 |
_c45058 _d45058 |
||